000
00285nam a22001337a 4500
008
170421b xxu||||| |||| 00| 0 eng d
020
_a
9780495108757
041
_a
eng
080
_2
2nd
_a
002-2821
100
_a
11
101
_a
shm
245
_a
biology
_c
starr, c
942
_2
udc
_c
BK
999
_c
11514
_d
11514